Normal view
MARC view
- فن-تاريخ-العصورالوسطى. فن-تاريخ-عصر النهضة. فن-تاريخ. الفن الأوروبي-تاريخ-العصر الحديث. الفن الحديث
Entry Topical Term
001 - CONTROL NUMBER
- control field: 14747
003 - CONTROL NUMBER IDENTIFIER
- control field: JO-AjAnu
005 - DATE AND TIME OF LATEST TRANSACTION
- control field: 20230606072644.0
008 - FIXED-LENGTH DATA ELEMENTS
- fixed length control field: 230606|| aca||aabn | a|a d
040 ## - CATALOGING SOURCE
- Original cataloging agency: JO-AjAnu
- Transcribing agency: JO-AjAnu
150 ## - HEADING--TOPICAL TERM
- Topical term or geographic name entry element: فن-تاريخ-العصورالوسطى. فن-تاريخ-عصر النهضة. فن-تاريخ. الفن الأوروبي-تاريخ-العصر الحديث. الفن الحديث
670 ## - SOURCE DATA FOUND
- Source citation: Work cat.: (JO-AjAnu)7573: علام،نعمت إسماعيل, author 14746, فنون الغرب في العصور الوسطى والنهضة والباروك